000
00338nam a2200145Ia 4500
008
230718s9999 xx 000 0 und d
041
_a
Eng.
082
_a
344.14
_b
MOH-M
100
_a
Mohsin Ali Husssion
245
0
_a
Manual of insecticl
260
_a
Pakistan
_b
Punjab law book
_c
2013
300
_a
292
650
_a
Law
999
_c
28761
_d
28761